|
|
|
|
| LEADER |
03009nam a22005175i 4500 |
| 001 |
978-3-540-71207-7 |
| 003 |
DE-He213 |
| 005 |
20151103130452.0 |
| 007 |
cr nn 008mamaa |
| 008 |
100301s2008 gw | s |||| 0|eng d |
| 020 |
|
|
|a 9783540712077
|9 978-3-540-71207-7
|
| 024 |
7 |
|
|a 10.1007/978-3-540-71207-7
|2 doi
|
| 040 |
|
|
|d GrThAP
|
| 050 |
|
4 |
|a R895-920
|
| 072 |
|
7 |
|a MMPH
|2 bicssc
|
| 072 |
|
7 |
|a MED019000
|2 bisacsh
|
| 082 |
0 |
4 |
|a 616.0757
|2 23
|
| 245 |
1 |
0 |
|a Learning Diagnostic Imaging
|h [electronic resource] :
|b 100 Essential Cases /
|c edited by Ramon Ribes, Antonio Luna, Pablo R. Ros.
|
| 246 |
3 |
|
|a With contributions by numerous experts
|
| 264 |
|
1 |
|a Berlin, Heidelberg :
|b Springer Berlin Heidelberg,
|c 2008.
|
| 300 |
|
|
|a XIV, 254 p.
|b online resource.
|
| 336 |
|
|
|a text
|b txt
|2 rdacontent
|
| 337 |
|
|
|a computer
|b c
|2 rdamedia
|
| 338 |
|
|
|a online resource
|b cr
|2 rdacarrier
|
| 347 |
|
|
|a text file
|b PDF
|2 rda
|
| 505 |
0 |
|
|a Breast Imaging -- Cardiovascular Imaging -- Thoracic Radiology -- Gastrointestinal System and Disorders of the Liver, Pancreas, Spleen, and Biliary System -- Genitourinary, Gynecological, and Obstetrical Imaging -- Musculoskeletal Imaging -- Neuroimaging and Head and Neck Imaging -- Nuclear Medicine -- Pediatric Radiology -- Ultrasound Imaging.
|
| 520 |
|
|
|a In my ? rst days as a Radiology resident I remember myself in dire need of a book in which I could begin to study the specialty. In those days I was thirsty for radiolo- cal knowledge and was recommended a classic manual on conventional chest X-ray which was the very same the oldest radiologist of the staff had studied when he was a beginner. Unfortunately the book I was recommended covered less than 5% of the specialty as it is conceived nowadays. “Learning Diagnostic Imaging. A Teaching File” is intended to provide medical students, residents of Radiology, and anybody else beginning to be involved in the radiological world, with a useful tool that gives them a quick and comprehensive overview of Radiology. With this book, written in a user-friendly format, Radiology residents, nurses, technicians, and medical students would see their ? rst radiolo- cal images in a sort of introduction of what will become their professional activities in the rest of their lives.
|
| 650 |
|
0 |
|a Medicine.
|
| 650 |
|
0 |
|a Radiology.
|
| 650 |
|
0 |
|a Interventional radiology.
|
| 650 |
|
0 |
|a Nuclear medicine.
|
| 650 |
1 |
4 |
|a Medicine & Public Health.
|
| 650 |
2 |
4 |
|a Diagnostic Radiology.
|
| 650 |
2 |
4 |
|a Interventional Radiology.
|
| 650 |
2 |
4 |
|a Imaging / Radiology.
|
| 650 |
2 |
4 |
|a Nuclear Medicine.
|
| 650 |
2 |
4 |
|a Ultrasound.
|
| 700 |
1 |
|
|a Ribes, Ramon.
|e editor.
|
| 700 |
1 |
|
|a Luna, Antonio.
|e editor.
|
| 700 |
1 |
|
|a Ros, Pablo R.
|e editor.
|
| 710 |
2 |
|
|a SpringerLink (Online service)
|
| 773 |
0 |
|
|t Springer eBooks
|
| 776 |
0 |
8 |
|i Printed edition:
|z 9783540712060
|
| 856 |
4 |
0 |
|u http://dx.doi.org/10.1007/978-3-540-71207-7
|z Full Text via HEAL-Link
|
| 912 |
|
|
|a ZDB-2-SME
|
| 950 |
|
|
|a Medicine (Springer-11650)
|